000 00424cam a2200157ua 4500
041 _aeng
_h
082 _a574.192
_bWHI/CH
100 _aWhite, Emil H .
245 _aChemical background for the biological sciences /
_cEmil H White.
_hTextual Documents
250 _a1 /
_b.
260 _aNew Delhi :
_bPrentice Hall of India Pvt Ltd. ,
_c1965.
300 _a152 ; .
504 _a
942 _cBK
999 _c8564
_d8564